<?xml version="1.0" encoding="UTF-8"?><?xml-stylesheet type="text/xsl" href="static/style.xsl"?><OAI-PMH xmlns="http://www.openarchives.org/OAI/2.0/" xmlns:xsi="http://www.w3.org/2001/XMLSchema-instance" xsi:schemaLocation="http://www.openarchives.org/OAI/2.0/ http://www.openarchives.org/OAI/2.0/OAI-PMH.xsd"><responseDate>2026-04-17T19:04:28Z</responseDate><request verb="GetRecord" identifier="oai:www.recercat.cat:2072/475533" metadataPrefix="marc">https://recercat.cat/oai/request</request><GetRecord><record><header><identifier>oai:recercat.cat:2072/475533</identifier><datestamp>2025-07-29T22:54:19Z</datestamp><setSpec>com_2072_98</setSpec><setSpec>col_2072_378192</setSpec></header><metadata><record xmlns="http://www.loc.gov/MARC21/slim" xmlns:dcterms="http://purl.org/dc/terms/" xmlns:xsi="http://www.w3.org/2001/XMLSchema-instance" xmlns:doc="http://www.lyncode.com/xoai" xsi:schemaLocation="http://www.loc.gov/MARC21/slim http://www.loc.gov/standards/marcxml/schema/MARC21slim.xsd">
   <leader>00925njm 22002777a 4500</leader>
   <datafield ind2=" " ind1=" " tag="042">
      <subfield code="a">dc</subfield>
   </datafield>
   <datafield ind2=" " ind1=" " tag="720">
      <subfield code="a">Leal, António</subfield>
      <subfield code="e">author</subfield>
   </datafield>
   <datafield ind2=" " ind1=" " tag="720">
      <subfield code="a">Lobo, Maria</subfield>
      <subfield code="e">author</subfield>
   </datafield>
   <datafield ind2=" " ind1=" " tag="720">
      <subfield code="a">Silvano, Purificação</subfield>
      <subfield code="e">author</subfield>
   </datafield>
   <datafield ind2=" " ind1=" " tag="260">
      <subfield code="c">2024</subfield>
   </datafield>
   <datafield ind2=" " ind1=" " tag="520">
      <subfield code="a">Altres ajuts: António Leal and Purificação Silvano were funded by FCT - Fundação para a Ciência e a Tecnologia, I.P., project UIDB/00022/2020. Maria Lobo was funded by FCT - Fundação para a Ciência e a Tecnologia, I.P., through the research Unit CLUNL, projects UIDB/LIN/03213/2020 and UIDP/LIN/03213/2020.</subfield>
   </datafield>
   <datafield ind2=" " ind1=" " tag="520">
      <subfield code="a">Previous literature on the typology of gerund clauses in Portuguese has overlooked a peculiar type of clauses which are always introduced by como ('as') and display an array of characteristics that set them apart from all other gerund clauses (and from other, somehow similar, constructions in different languages). In this paper, we provide an in-depth syntactic and semantic characterisation of these como-gerund clauses and the contexts in which they arise, highlighting their similarities and differences regarding other constructions, namely resultative and depictive secondary predicates. We put forward a proposal to deal with their syntactic configurations and the restrictions they exhibit. We also propose that como is obligatory in these clauses because it marks a type-shift operation, which gives como gerund clauses a predicative interpretation, usually found in the nominal domain.</subfield>
   </datafield>
   <datafield tag="653" ind2=" " ind1=" ">
      <subfield code="a">Gerund clause</subfield>
   </datafield>
   <datafield tag="653" ind2=" " ind1=" ">
      <subfield code="a">Predicative complements</subfield>
   </datafield>
   <datafield tag="653" ind2=" " ind1=" ">
      <subfield code="a">European Portuguese</subfield>
   </datafield>
   <datafield tag="653" ind2=" " ind1=" ">
      <subfield code="a">Secondary predication</subfield>
   </datafield>
   <datafield tag="653" ind2=" " ind1=" ">
      <subfield code="a">Type-shift</subfield>
   </datafield>
   <datafield ind2="0" ind1="0" tag="245">
      <subfield code="a">Como-gerund clauses in European Portuguese : figuring out the riddle</subfield>
   </datafield>
</record></metadata></record></GetRecord></OAI-PMH>